<?xml version="1.0" encoding="UTF-8"?>
<record
    xmlns:xsi="http://www.w3.org/2001/XMLSchema-instance"
    xsi:schemaLocation="http://www.loc.gov/MARC21/slim http://www.loc.gov/standards/marcxml/schema/MARC21slim.xsd"
    xmlns="http://www.loc.gov/MARC21/slim">

  <leader>02197nam a22003017a 4500</leader>
  <controlfield tag="001">114338</controlfield>
  <controlfield tag="003">DR-UNIBE</controlfield>
  <controlfield tag="005">20260128151947.0</controlfield>
  <controlfield tag="008">260128b2025    dr ||||| |||| 00| 0 spa d</controlfield>
  <datafield tag="020" ind1=" " ind2=" ">
    <subfield code="a">9789945251425 (volumen 1)</subfield>
  </datafield>
  <datafield tag="020" ind1=" " ind2=" ">
    <subfield code="a">9789945251418 (volumen 2)</subfield>
  </datafield>
  <datafield tag="040" ind1=" " ind2=" ">
    <subfield code="a">BIBLIOTECA UNIBE</subfield>
    <subfield code="c">BIBLIOTECA UNIBE</subfield>
    <subfield code="e">rda</subfield>
  </datafield>
  <datafield tag="041" ind1=" " ind2=" ">
    <subfield code="a">spa</subfield>
  </datafield>
  <datafield tag="082" ind1=" " ind2=" ">
    <subfield code="a">RD 801.95 M559o </subfield>
  </datafield>
  <datafield tag="100" ind1="1" ind2=" ">
    <subfield code="a">Merejo Checo, Andr&#xE9;s</subfield>
    <subfield code="9">201877</subfield>
    <subfield code="e">autor</subfield>
  </datafield>
  <datafield tag="245" ind1="1" ind2="3">
    <subfield code="a">El oficio de pensar : </subfield>
    <subfield code="b">di&#xE1;logos filos&#xF3;ficos / </subfield>
    <subfield code="c">Andr&#xE9;s Merejo Checo</subfield>
  </datafield>
  <datafield tag="260" ind1=" " ind2=" ">
    <subfield code="a">Santo Domingo : </subfield>
    <subfield code="b">Archivo General de la Naci&#xF3;n (AGN),</subfield>
    <subfield code="c"> 2025</subfield>
  </datafield>
  <datafield tag="300" ind1=" " ind2=" ">
    <subfield code="a">2 vol&#xFA;menes :</subfield>
    <subfield code="b">ilustraciones</subfield>
  </datafield>
  <datafield tag="490" ind1=" " ind2=" ">
    <subfield code="a">Archivo General de la Naci&#xF3;n ; </subfield>
    <subfield code="v">vol&#xFA;menes 543 y 544</subfield>
  </datafield>
  <datafield tag="505" ind1=" " ind2=" ">
    <subfield code="a"> Tomo 1|
 Introducci&#xF3;n, Kary Alba Rocha Arias   |
 Javier Aguirre |
 Esteban Anch&#xFA;stegui Igartua |
 Mabel Marta Artidiello Moreno |
 Alejandro Arvelo |
 Ignacio Ayestar&#xE1;n &#xDA;riz |
 Luis O. Brea Franco 125 - Francisco Javier Caballero Harriet |
 Antonio Campillo |
 Rafael Capurro |
 Horacio Cerutti Guldberg |
 C&#xE9;sar Cuello Nieto |
 Domingo de los Santos |
 Leonardo D&#xED;az |
 Javier Echeverr&#xED;a |
 Roberto Feltrero Oreja |
 Fernando Ferr&#xE1;n |
 Jos&#xE9; Ignacio Galparsoro |
 I&#xF1;igo Galzacorta |
 Luis Garagalza |
 Rom&#xE1;n Garc&#xED;a Fern&#xE1;ndez |
 V&#xED;ctor G&#xF3;mez Pin |
 Pablo Guadarrama |


</subfield>
  </datafield>
  <datafield tag="505" ind1=" " ind2=" ">
    <subfield code="a">Tomo 2 |
 Introducci&#xF3;n de Kary Alba Rocha Arias |
 Alberto Hidalgo Tu&#xF1;&#xF3;n |
 Vanna Ianni |
 Daniel Innerarity |
 Xabier Insausti Ugarriza |
 Cristina Lasa |
 Jos&#xE9; M&#xE1;rmol |
 Lusitania Mart&#xED;nez |
 Pablo Mella |
 Edickson Minaya |
 Julio Minaya |
 Rafael Morla |
 Fidel Munnigh |
 Dustin Mu&#xF1;oz |
 Orlando Obj&#xED;o |
 Juli&#xE1;n Pacho |
 Carlos Rojas Osorio |
 Alberto Saladino Garc&#xED;a |
 Nicanor Ursua Lezaun |
 Juli&#xE1;n Vald&#xE9;s |
 Daniel Vargas Pe&#xF1;a |
</subfield>
  </datafield>
  <datafield tag="650" ind1=" " ind2="7">
    <subfield code="2">lemb</subfield>
    <subfield code="a"> Filosof&#xED;a </subfield>
    <subfield code="x">Escritos varios </subfield>
    <subfield code="9">201885</subfield>
  </datafield>
  <datafield tag="650" ind1=" " ind2="7">
    <subfield code="2">lemb</subfield>
    <subfield code="a">Fil&#xF3;sofos</subfield>
    <subfield code="x">Cr&#xED;tica e interpretaci&#xF3;n </subfield>
    <subfield code="9">201886</subfield>
  </datafield>
  <datafield tag="650" ind1=" " ind2="7">
    <subfield code="2">lemb</subfield>
    <subfield code="a"> Filosof&#xED;a </subfield>
    <subfield code="x">Cr&#xED;tica e interpretaci&#xF3;n </subfield>
    <subfield code="9">201887</subfield>
  </datafield>
  <datafield tag="700" ind1=" " ind2=" ">
    <subfield code="a">Rocha Arias, Kary Alba</subfield>
    <subfield code="9">166060</subfield>
    <subfield code="e">editor</subfield>
    <subfield code="e">corrector</subfield>
  </datafield>
  <datafield tag="700" ind1=" " ind2=" ">
    <subfield code="a">Fern&#xE1;ndez V&#xE1;squez, Yahaira</subfield>
    <subfield code="9">155947</subfield>
    <subfield code="e">diagramador</subfield>
    <subfield code="e">dise&#xF1;ador</subfield>
  </datafield>
  <datafield tag="942" ind1=" " ind2=" ">
    <subfield code="2">ddc</subfield>
    <subfield code="c">BK</subfield>
  </datafield>
  <datafield tag="999" ind1=" " ind2=" ">
    <subfield code="c">114338</subfield>
    <subfield code="d">114338</subfield>
  </datafield>
  <datafield tag="952" ind1=" " ind2=" ">
    <subfield code="0">0</subfield>
    <subfield code="1">0</subfield>
    <subfield code="2">ddc</subfield>
    <subfield code="7">0</subfield>
    <subfield code="8">GEN-RD</subfield>
    <subfield code="a">Principal</subfield>
    <subfield code="d">2026-01-28</subfield>
    <subfield code="l">0</subfield>
    <subfield code="o">RD 801.95 M559o </subfield>
    <subfield code="p">260116</subfield>
    <subfield code="r">2026-01-28 15:20:46</subfield>
    <subfield code="t">Vol. 1 Ej. 1</subfield>
    <subfield code="w">2026-01-28</subfield>
    <subfield code="y">BK</subfield>
  </datafield>
  <datafield tag="952" ind1=" " ind2=" ">
    <subfield code="0">0</subfield>
    <subfield code="1">0</subfield>
    <subfield code="2">ddc</subfield>
    <subfield code="7">0</subfield>
    <subfield code="8">GEN-RD</subfield>
    <subfield code="a">Principal</subfield>
    <subfield code="d">2026-01-28</subfield>
    <subfield code="l">0</subfield>
    <subfield code="o">RD 801.95 M559o </subfield>
    <subfield code="p">260117</subfield>
    <subfield code="r">2026-01-28 15:21:08</subfield>
    <subfield code="t">Vol. 2 Ej. 1</subfield>
    <subfield code="w">2026-01-28</subfield>
    <subfield code="y">BK</subfield>
  </datafield>
</record>
